[Event "WJCC U20 Open 2019"]
[Site "New Delhi"]
[Date "2019.10.17"]
[Round "4.6"]
[White "Davtyan, Artur"]
[Black "Tabatabaei, M.amin"]
[Result "1/2-1/2"]
[WhiteElo "2418"]
[BlackElo "2642"]
[Annotator "RC"]
[PlyCount "77"]
[EventDate "2019.10.15"]
[EventType "swiss"]
[EventCountry "IND"]
[SourceTitle "playchess.com"]
[Source "ChessBase"]
[SourceQuality "1"]
[TimeControl "40/5400+30:1800+30"]

1. d4 {[%emt 0:00:52]} Nf6 {[%emt 0:00:04]} 2. c4 {[%emt 0:00:52]} e6 {[%emt 0:00:09]} 3. Nf3 {[%emt 0:00:19]} d5 {[%emt 0:00:15]} 4. Nc3 {[%emt 0:00:08]} Be7 {[%emt 0:01:13]} 5. g3 {[%emt 0:00:29]} O-O {[%emt 0:01:42]} 6. Bg2 {[%emt 0:00:28]} dxc4 {[%emt 0:02:34]} 7. Ne5 {[%emt 0:00:20]} c5 {[%emt 0:00:08]} 8. dxc5 {[%emt 0:00:59]} Qxd1+ {[%emt 0:00:21]} 9. Nxd1 {[%emt 0:00:09]} Bxc5 {[%emt 0:00:05]} 10. O-O {[%emt 0:01:05]} Nc6 {[%emt 0:00:37]} 11. Nxc6 {[%emt 0:03:53]} bxc6 {[%emt 0:00:14]} 12. Be3 {[%emt 0:03:50]} Bxe3 {[%emt 0:01:39]} 13. Nxe3 {[%emt 0:00:28]} Ba6 {[%emt 0:01:25]} 14. Rfc1 {[%emt 0:00:57]} Rab8 {[%emt 0:09:27]} 15. Rab1 {[%emt 0:00:50]} c3 {[%emt 0:21:21]} 16. Rxc3 {[%emt 0:01:01]} Bxe2 {[%emt 0:00:11]} 17. Rxc6 {[%emt 0:00:26]} Rfd8 {[%emt 0:00:31]} 18. b3 {[%emt 0:01:45]} g5 {[%emt 0:19:58]} 19. Re1 {[%emt 0:06:34]} Rd2 {[%emt 0:05:37]} 20. Rc2 {[%emt 0:02:57]} Rxc2 {[%emt 0:00:12]} 21. Nxc2 {[%emt 0:00:07]} Bb5 {[%emt 0:00:15]} 22. Nd4 {[%emt 0:03:00]} Be8 {[%emt 0:00:18]} 23. h3 {[%emt 0:10:50]} Rc8 {[%emt 0:12:20]} 24. Re5 {[%emt 0:02:13]} Rc1+ {[%emt 0:00:09]} 25. Kh2 {[%emt 0:00:52]} g4 {[%emt 0:01:04]} 26. Ra5 {[%emt 0:21:17]} Rd1 {[%emt 0:00:09]} 27. Nc6 {[%emt 0:05:58]} Rd2 {[%emt 0:00:40]} 28. Rxa7 {[%emt 0:02:04]} Rxf2 {[%emt 0:02:03]} 29. Ne5 {[%emt 0:00:14]} Re2 {[%emt 0:01:59]} 30. Ra5 {[%emt 0:01:30]} h5 {[%emt 0:09:22]} 31. Kg1 {[%emt 0:02:47]} gxh3 {[%emt 0:03:19]} 32. Bxh3 {[%emt 0:01:40]} Kg7 {[%emt 0:00:01]} 33. Kf1 {[%emt 0:01:31]} Re3 {[%emt 0:02:07]} 34. Kf2 {[%emt 0:01:07]} Rc3 {[%emt 0:00:04]} 35. Bg2 {[%emt 0:00:28]} Rc2+ {[%emt 0:01:01]} 36. Kg1 {[%emt 0:01:50]} Rc1+ {[%emt 0:00:57]} 37. Kf2 {[%emt 0:00:09]} Rc2+ {[%emt 0:00:24]} 38. Kg1 {[%emt 0:00:13]} Rc1+ {[%emt 0:00:35]} 39. Kf2 {[%emt 0:00:35]} 1/2-1/2

[Event "WJCC U20 Open 2019"]
[Site "New Delhi"]
[Date "2019.10.17"]
[Round "4.7"]
[White "Kollars, Dmitrij"]
[Black "Sammed Jaykumar, Shete"]
[Result "1/2-1/2"]
[WhiteElo "2587"]
[BlackElo "2392"]
[Annotator "ChessBase"]
[PlyCount "100"]
[EventDate "2019.10.15"]
[EventType "swiss"]
[EventCountry "IND"]
[SourceTitle "playchess.com"]
[Source "ChessBase"]
[SourceQuality "1"]
[TimeControl "40/5400+30:1800+30"]

1. e4 {[%emt 0:00:00]} c5 {[%emt 0:00:00]} 2. Nf3 {[%emt 0:00:07]} Nc6 {[%emt 0:00:00]} 3. Bb5 {[%emt 0:00:23]} g6 {[%emt 0:00:00]} 4. Bxc6 {[%emt 0:00:22]} dxc6 {[%emt 0:00:04]} 5. d3 {[%emt 0:00:49]} Bg7 {[%emt 0:00:22]} 6. h3 {[%emt 0:00:33]} Nf6 {[%emt 0:00:27]} 7. Nc3 {[%emt 0:00:48]} Nd7 {[%emt 0:00:35]} 8. Be3 {[%emt 0:00:23]} e5 {[%emt 0:00:21]} 9. Qd2 {[%emt 0:00:26]} h6 {[%emt 0:00:15]} 10. O-O {[%emt 0:01:17]} b6 {[%emt 0:00:22]} 11. a4 {[%emt 0:00:28]} a5 {[%emt 0:00:15]} 12. Nh2 {[%emt 0:00:37]} Nf8 {[%emt 0:00:26]} 13. f4 {[%emt 0:00:35]} exf4 {[%emt 0:00:12]} 14. Bxf4 {[%emt 0:02:03]} Ne6 {[%emt 0:00:12]} 15. Be3 {[%emt 0:00:10]} Nd4 {[%emt 0:00:30]} 16. Rae1 {[%emt 0:02:27]} Be6 {[%emt 0:03:22]} 17. Nd1 {[%emt 0:07:15]} c4 {[%emt 0:06:49]} 18. Nf2 {[%emt 0:00:51]} Qe7 {[%emt 0:09:29]} 19. Bxd4 {[%emt 0:13:04]} Bxd4 {[%emt 0:00:13]} 20. c3 {[%emt 0:00:53]} Bxf2+ {[%emt 0:01:05]} 21. Qxf2 {[%emt 0:02:08]} cxd3 {[%emt 0:00:21]} 22. Qxb6 {[%emt 0:04:39]} Qa7 {[%emt 0:06:02]} 23. Qxa7 {[%emt 0:18:42]} Rxa7 {[%emt 0:00:05]} 24. Rf3 {[%emt 0:00:51]} Rb7 {[%emt 0:05:39]} 25. Rxd3 {[%emt 0:00:40]} Rxb2 {[%emt 0:00:54]} 26. Nf3 {[%emt 0:04:48]} c5 {[%emt 0:12:02]} 27. Rd6 {[%emt 0:01:28]} Ke7 {[%emt 0:10:04]} 28. Ra6 {[%emt 0:01:29]} Rhb8 {[%emt 0:02:19]} 29. Rxa5 {[%emt 0:02:08]} Rc2 {[%emt 0:00:25]} 30. Re3 {[%emt 0:01:38]} Rb1+ {[%emt 0:09:29]} 31. Kh2 {[%emt 0:04:35]} Rbb2 {[%emt 0:11:50]} 32. Ne1 {[%emt 0:00:12]} Re2 {[%emt 0:00:21]} 33. Rxe2 {[%emt 0:00:28]} Rxe2 {[%emt 0:00:06]} 34. Nd3 {[%emt 0:04:52]} c4 {[%emt 0:00:56]} 35. Ra7+ {[%emt 0:01:02]} Kf6 {[%emt 0:02:01]} 36. Nf4 {[%emt 0:08:00]} Re3 {[%emt 0:01:19]} 37. Nd5+ {[%emt 0:03:14]} Bxd5 {[%emt 0:00:07]} 38. exd5 {[%emt 0:00:04]} Rxc3 {[%emt 0:00:14]} 39. a5 {[%emt 0:02:48]} Ra3 {[%emt 0:01:31]} 40. Rc7 {[%emt 0:02:34]} Rxa5 {[%emt 0:00:51]} 41. Rxc4 {[%emt 0:30:05]} Rxd5 {[%emt 0:30:05]} 42. h4 {[%emt 0:01:11]} Kf5 {[%emt 0:03:16]} 43. Kh3 {[%emt 0:00:54]} h5 {[%emt 0:00:37]} 44. g3 {[%emt 0:01:28]} f6 {[%emt 0:00:47]} 45. Rc8 {[%emt 0:01:52]} Rd2 {[%emt 0:00:14]} 46. Rf8 {[%emt 0:01:16]} Rf2 {[%emt 0:00:50]} 47. Rg8 {[%emt 0:00:15]} Rd2 {[%emt 0:00:13]} 48. Rf8 {[%emt 0:00:41]} Ke6 {[%emt 0:00:24]} 49. Rg8 {[%emt 0:00:48]} Kf7 {[%emt 0:01:04]} 50. Ra8 {[%emt 0:00:42]} g5 {[%emt 0:02:20]} 1/2-1/2

[Event "WJCC U20 Open 2019"]
[Site "New Delhi"]
[Date "2019.10.17"]
[Round "4.8"]
[White "Percivaldi, Martin"]
[Black "Hakobyan, Aram"]
[Result "0-1"]
[WhiteElo "2391"]
[BlackElo "2561"]
[Annotator "ChessBase"]
[PlyCount "92"]
[EventDate "2019.10.15"]
[EventType "swiss"]
[EventCountry "IND"]
[SourceTitle "playchess.com"]
[Source "ChessBase"]
[SourceQuality "1"]
[TimeControl "40/5400+30:1800+30"]

1. d4 {[%emt 0:00:46]} Nf6 {[%emt 0:00:00]} 2. c4 {[%emt 0:01:25]} e6 {[%emt 0:00:00]} 3. Nf3 {[%emt 0:00:18]} d5 {[%emt 0:00:14]} 4. Nc3 {[%emt 0:01:03]} Bb4 {[%emt 0:01:42]} 5. Bg5 {[%emt 0:00:56]} h6 {[%emt 0:02:05]} 6. Bxf6 {[%emt 0:00:12]} Qxf6 {[%emt 0:00:02]} 7. Qa4+ {[%emt 0:00:17]} Nc6 {[%emt 0:00:07]} 8. e3 {[%emt 0:00:15]} O-O {[%emt 0:00:17]} 9. Be2 {[%emt 0:00:11]} Rd8 {[%emt 0:00:12]} 10. Qb3 {[%emt 0:04:52]} Qf5 {[%emt 0:21:06]} 11. cxd5 {[%emt 0:09:27]} exd5 {[%emt 0:01:38]} 12. a3 {[%emt 0:00:13]} Ba5 {[%emt 0:03:03]} 13. O-O {[%emt 0:02:28]} Ne7 {[%emt 0:00:54]} 14. Rfc1 {[%emt 0:03:19]} c6 {[%emt 0:01:31]} 15. Qd1 {[%emt 0:00:23]} Bc7 {[%emt 0:03:20]} 16. b4 {[%emt 0:05:12]} a6 {[%emt 0:02:29]} 17. a4 {[%emt 0:09:57]} g5 {[%emt 0:00:10]} 18. Ne1 {[%emt 0:14:25]} g4 {[%emt 0:02:04]} 19. g3 {[%emt 0:02:31]} h5 {[%emt 0:01:20]} 20. Ng2 {[%emt 0:05:54]} Ng6 {[%emt 0:00:20]} 21. Bd3 {[%emt 0:00:26]} Qf6 {[%emt 0:00:51]} 22. Ne2 {[%emt 0:01:46]} Kg7 {[%emt 0:04:48]} 23. Qc2 {[%emt 0:06:58]} Bd6 {[%emt 0:04:26]} 24. Rab1 {[%emt 0:00:40]} Be6 {[%emt 0:03:46]} 25. b5 {[%emt 0:02:47]} cxb5 {[%emt 0:00:21]} 26. axb5 {[%emt 0:00:09]} a5 {[%emt 0:00:03]} 27. e4 {[%emt 0:00:26]} dxe4 {[%emt 0:01:56]} 28. Bxe4 {[%emt 0:00:22]} Rab8 {[%emt 0:04:47]} 29. Ne3 {[%emt 0:00:34]} Ne7 {[%emt 0:01:46]} 30. d5 {[%emt 0:03:01]} Bd7 {[%emt 0:00:51]} 31. Nc4 {[%emt 0:04:32]} Nf5 {[%emt 0:12:36]} 32. Nxa5 {[%emt 0:03:29]} Ba3 {[%emt 0:00:22]} 33. Rd1 {[%emt 0:01:25]} Nd6 {[%emt 0:01:14]} 34. Bd3 {[%emt 0:00:31]} Rbc8 {[%emt 0:01:11]} 35. Qa2 {[%emt 0:04:10]} Bc5 {[%emt 0:00:19]} 36. Nf4 {[%emt 0:00:06]} Rh8 {[%emt 0:00:45]} 37. Nb3 {[%emt 0:00:58]} Bb6 {[%emt 0:00:38]} 38. Nd2 {[%emt 0:03:26]} h4 {[%emt 0:08:11]} 39. Ne4 {[%emt 0:02:34]} Nxe4 {[%emt 0:03:43]} 40. Bxe4 {[%emt 0:00:08]} Rc3 {[%emt 0:06:04]} 41. Rd3 {[%emt 0:37:01]} hxg3 {[%emt 0:38:24]} 42. hxg3 {[%emt 0:00:14]} Rxd3 {[%emt 0:00:00]} 43. Bxd3 {[%emt 0:00:00]} Qh6 {[%emt 0:00:00]} 44. Qb2+ {[%emt 0:00:00]} f6 {[%emt 0:00:00]} 45. Be4 {[%emt 0:00:00]} Bxb5 {[%emt 0:00:00]} 46. Ne6+ {[%emt 0:00:00]} Kg8 {[%emt 0:00:00]} 0-1

[Event "WJCC U20 Open 2019"]
[Site "New Delhi"]
[Date "2019.10.17"]
[Round "4.9"]
[White "Aronyak Ghosh"]
[Black "Harsha Bharathakoti"]
[Result "1/2-1/2"]
[WhiteElo "2380"]
[BlackElo "2530"]
[Annotator "ChessBase"]
[PlyCount "69"]
[EventDate "2019.10.15"]
[EventType "swiss"]
[EventCountry "IND"]
[SourceTitle "playchess.com"]
[Source "ChessBase"]
[SourceQuality "1"]
[TimeControl "40/5400+30:1800+30"]

1. c4 {[%emt 0:00:04]} g6 {[%emt 0:02:57]} 2. g3 {[%emt 0:00:37]} Bg7 {[%emt 0:00:11]} 3. Bg2 {[%emt 0:00:08]} d6 {[%emt 0:01:05]} 4. Nc3 {[%emt 0:00:49]} Nf6 {[%emt 0:00:21]} 5. Nf3 {[%emt 0:00:37]} O-O {[%emt 0:00:20]} 6. O-O {[%emt 0:00:07]} Nbd7 {[%emt 0:01:22]} 7. Rb1 {[%emt 0:02:00]} e5 {[%emt 0:07:00]} 8. d3 {[%emt 0:01:29]} Nc5 {[%emt 0:07:17]} 9. b4 {[%emt 0:05:21]} Ne6 {[%emt 0:00:46]} 10. a4 {[%emt 0:01:25]} a5 {[%emt 0:07:13]} 11. b5 {[%emt 0:00:28]} Nd7 {[%emt 0:01:50]} 12. Ba3 {[%emt 0:05:40]} f5 {[%emt 0:01:48]} 13. Nd2 {[%emt 0:01:28]} h5 {[%emt 0:08:38]} 14. e3 {[%emt 0:13:00]} e4 {[%emt 0:09:53]} 15. Qc2 {[%emt 0:03:25]} exd3 {[%emt 0:01:23]} 16. Qxd3 {[%emt 0:00:10]} Ne5 {[%emt 0:08:22]} 17. Qe2 {[%emt 0:05:12]} h4 {[%emt 0:01:31]} 18. Nd5 {[%emt 0:01:36]} hxg3 {[%emt 0:04:24]} 19. hxg3 {[%emt 0:01:49]} g5 {[%emt 0:03:50]} 20. Nf3 {[%emt 0:08:04]} Ng6 {[%emt 0:03:49]} 21. Qc2 {[%emt 0:03:27]} b6 {[%emt 0:10:13]} 22. Rbd1 {[%emt 0:01:23]} Bd7 {[%emt 0:06:05]} 23. Nd4 {[%emt 0:02:02]} Nc5 {[%emt 0:00:06]} 24. Bh3 {[%emt 0:04:33]} Qc8 {[%emt 0:07:19]} 25. Nc6 {[%emt 0:03:44]} Rf7 {[%emt 0:00:52]} 26. Bxc5 {[%emt 0:01:29]} bxc5 {[%emt 0:01:15]} 27. f4 {[%emt 0:00:41]} gxf4 {[%emt 0:01:30]} 28. gxf4 {[%emt 0:00:09]} Kf8 {[%emt 0:01:17]} 29. Kh2 {[%emt 0:00:27]} Bxc6 {[%emt 0:00:11]} 30. bxc6 {[%emt 0:00:03]} Ne7 {[%emt 0:00:17]} 31. Rg1 {[%emt 0:02:47]} Rb8 {[%emt 0:01:36]} 32. Rd2 {[%emt 0:03:56]} Nxd5 {[%emt 0:00:08]} 33. cxd5 {[%emt 0:00:13]} Rb2 {[%emt 0:01:02]} 34. Qc1 {[%emt 0:01:11]} Qb8 {[%emt 0:00:36]} 35. Rxb2 {[%emt 0:04:12]} 1/2-1/2

[Event "WJCC U20 Open 2019"]
[Site "New Delhi"]
[Date "2019.10.17"]
[Round "4.10"]
[White "Wang, Shixu B"]
[Black "Lobanov, Sergei"]
[Result "1-0"]
[WhiteElo "2370"]
[BlackElo "2516"]
[Annotator "ChessBase"]
[PlyCount "61"]
[EventDate "2019.10.15"]
[EventType "swiss"]
[EventCountry "IND"]
[SourceTitle "playchess.com"]
[Source "ChessBase"]
[SourceQuality "1"]
[TimeControl "40/5400+30:1800+30"]

1. d4 {[%emt 0:00:00]} Nf6 {[%emt 0:00:00]} 2. c4 {[%emt 0:00:00]} e6 {[%emt 0:00:00]} 3. Nc3 {[%emt 0:00:04]} Bb4 {[%emt 0:00:00]} 4. e3 {[%emt 0:00:05]} O-O {[%emt 0:00:00]} 5. Bd3 {[%emt 0:00:05]} Re8 {[%emt 0:00:11]} 6. Nf3 {[%emt 0:00:26]} Bxc3+ {[%emt 0:03:28]} 7. bxc3 {[%emt 0:00:04]} d6 {[%emt 0:00:03]} 8. O-O {[%emt 0:00:37]} Nc6 {[%emt 0:00:07]} 9. e4 {[%emt 0:08:14]} e5 {[%emt 0:00:10]} 10. d5 {[%emt 0:05:56]} Ne7 {[%emt 0:01:19]} 11. Nh4 {[%emt 0:05:16]} Ng6 {[%emt 0:02:05]} 12. Nf5 {[%emt 0:01:41]} Bxf5 {[%emt 0:10:26]} 13. exf5 {[%emt 0:00:05]} Nf8 {[%emt 0:00:06]} 14. Bg5 {[%emt 0:02:55]} N8d7 {[%emt 0:00:05]} 15. Bc2 {[%emt 0:02:00]} Nb6 {[%emt 0:07:47]} 16. Rb1 {[%emt 0:02:42]} Kh8 {[%emt 0:07:42]} 17. Re1 {[%emt 0:03:53]} Rc8 {[%emt 0:05:42]} 18. a4 {[%emt 0:09:14]} c6 {[%emt 0:18:15]} 19. a5 {[%emt 0:03:16]} Nxc4 {[%emt 0:00:27]} 20. Rxb7 {[%emt 0:00:55]} Re7 {[%emt 0:04:01]} 21. dxc6 {[%emt 0:18:52]} Nxa5 {[%emt 0:07:04]} 22. Bxf6 {[%emt 0:00:23]} gxf6 {[%emt 0:00:06]} 23. Rb4 {[%emt 0:00:04]} Re8 {[%emt 0:00:48]} 24. Qh5 {[%emt 0:01:29]} Rg8 {[%emt 0:09:00]} 25. Re3 {[%emt 0:03:45]} Rg5 {[%emt 0:04:49]} 26. Qh6 {[%emt 0:04:28]} Qg8 {[%emt 0:01:18]} 27. Qxf6+ {[%emt 0:00:16]} Qg7 {[%emt 0:00:01]} 28. Qxg7+ {[%emt 0:00:03]} Kxg7 {[%emt 0:00:01]} 29. h4 {[%emt 0:01:33]} Rh5 {[%emt 0:01:03]} 30. g4 {[%emt 0:05:26]} Rxh4 {[%emt 0:00:10]} 31. f6+ {[%emt 0:01:05]} 1-0

[Event "WJCC U20 Open 2019"]
[Site "New Delhi"]
[Date "2019.10.17"]
[Round "4.11"]
[White "Kuybokarov, Temur"]
[Black "Amartuvshin, Ganzorig"]
[Result "0-1"]
[WhiteElo "2501"]
[BlackElo "2391"]
[Annotator "ChessBase"]
[PlyCount "100"]
[EventDate "2019.10.15"]
[EventType "swiss"]
[EventCountry "IND"]
[SourceTitle "playchess.com"]
[Source "ChessBase"]
[SourceQuality "1"]
[TimeControl "40/5400+30:1800+30"]

1. e4 c5 2. Nf3 e6 3. d4 cxd4 4. Nxd4 Nc6 5. Nc3 a6 6. Nxc6 bxc6 7. Qd3 d5 8. Qg3 Nf6 9. Be2 d4 10. e5 Nd7 11. Ne4 Qa5+ 12. c3 dxc3 13. Nxc3 Nxe5 14. Bd2 Ng6 15. Nb5 Bb4 16. Nc7+ Ke7 17. Nxa8 Bxd2+ 18. Kf1 Nf4 19. Rd1 Rd8 20. Qb3 Nxe2 21. Kxe2 Qe5+ 22. Kf1 Ba5 23. Qa3+ c5 24. Rc1 Bb4 25. Qg3 Qh5 26. Qf3 Qg5 27. Qe3 Qxe3 28. fxe3 Bb7 29. a3 Bd2 30. Rxc5 Bxe3 31. Rc7+ Rd7 32. Ke2 Rxc7 33. Nxc7 Bf4 34. Nxa6 Bxa6+ 35. Kf3 Bd6 36. b4 f5 37. Rb1 Bb5 38. g3 e5 39. Rc1 Bd7 40. Ke3 Ke6 41. Rb1 g5 42. b5 f4+ 43. Kd3 Kd5 44. Ke2 Bg4+ 45. Ke1 e4 46. gxf4 gxf4 47. b6 e3 48. b7 Bb8 49. Rb3 Kc6 50. a4 Be6 0-1

[Event "WJCC U20 Open 2019"]
[Site "New Delhi"]
[Date "2019.10.17"]
[Round "4.12"]
[White "Drygalov, Sergey"]
[Black "Mendonca, Leon Luke"]
[Result "0-1"]
[WhiteElo "2470"]
[BlackElo "2388"]
[Annotator "ChessBase"]
[PlyCount "100"]
[EventDate "2019.10.15"]
[EventType "swiss"]
[EventCountry "IND"]
[SourceTitle "playchess.com"]
[Source "ChessBase"]
[SourceQuality "1"]
[TimeControl "40/5400+30:1800+30"]

1. e4 {[%emt 0:00:00]} c5 {[%emt 0:00:00]} 2. Nf3 {[%emt 0:00:00]} d6 {[%emt 0:00:00]} 3. d4 {[%emt 0:00:00]} cxd4 {[%emt 0:00:06]} 4. Nxd4 {[%emt 0:00:00]} Nf6 {[%emt 0:00:19]} 5. Nc3 {[%emt 0:00:00]} a6 {[%emt 0:00:27]} 6. Bg5 {[%emt 0:00:11]} e6 {[%emt 0:00:47]} 7. f4 {[%emt 0:00:35]} h6 {[%emt 0:00:39]} 8. Bh4 {[%emt 0:00:06]} Qb6 {[%emt 0:00:19]} 9. Qd2 {[%emt 0:00:07]} Qb5 10. b3 Qxb3 {[%emt 0:03:36]} 11. Rb1 {[%emt 0:00:37]} Qa3 {[%emt 0:00:06]} 12. Be2 {[%emt 0:01:04]} Nbd7 {[%emt 0:14:22]} 13. O-O {[%emt 0:01:43]} Qc5 {[%emt 0:06:24]} 14. Kh1 {[%emt 0:09:46]} Be7 {[%emt 0:04:43]} 15. f5 {[%emt 0:16:58]} e5 {[%emt 0:09:42]} 16. Nb3 {[%emt 0:15:53]} Qc7 {[%emt 0:01:11]} 17. a4 {[%emt 0:07:54]} b6 {[%emt 0:02:18]} 18. Bf2 {[%emt 0:03:52]} Bb7 {[%emt 0:03:57]} 19. Nd5 {[%emt 0:00:19]} Bxd5 {[%emt 0:00:57]} 20. exd5 {[%emt 0:00:26]} Ne4 {[%emt 0:01:57]} 21. Qd3 {[%emt 0:00:40]} Nc3 {[%emt 0:08:38]} 22. Ra1 {[%emt 0:00:08]} O-O {[%emt 0:22:23]} 23. Bf3 {[%emt 0:07:22]} Bf6 {[%emt 0:01:53]} 24. Be4 {[%emt 0:00:28]} Rfc8 {[%emt 0:01:18]} 25. Nd2 {[%emt 0:01:54]} Bg5 {[%emt 0:01:14]} 26. Bf3 {[%emt 0:03:53]} Bxd2 {[%emt 0:02:00]} 27. Qxd2 {[%emt 0:00:10]} e4 {[%emt 0:01:03]} 28. Be2 {[%emt 0:00:46]} Nxe2 {[%emt 0:06:29]} 29. Qxe2 {[%emt 0:00:14]} Qxc2 {[%emt 0:00:42]} 30. Qe1 {[%emt 0:00:51]} f6 {[%emt 0:02:38]} 31. Bg3 {[%emt 0:00:30]} Ne5 {[%emt 0:02:20]} 32. Qb4 {[%emt 0:00:37]} Qc5 {[%emt 0:01:04]} 33. Qxe4 {[%emt 0:00:09]} Qc4 {[%emt 0:01:06]} 34. Qe3 {[%emt 0:00:16]} b5 {[%emt 0:00:41]} 35. Rfd1 {[%emt 0:01:08]} b4 {[%emt 0:01:26]} 36. Bxe5 {[%emt 0:00:38]} dxe5 {[%emt 0:00:22]} 37. d6 {[%emt 0:00:22]} b3 {[%emt 0:00:41]} 38. d7 {[%emt 0:07:42]} Rd8 {[%emt 0:00:01]} 39. Qb6 {[%emt 0:00:33]} Kh7 {[%emt 0:00:54]} 40. Qe6 {[%emt 0:01:47]} Qb4 {[%emt 0:00:41]} 41. Rab1 {[%emt 0:34:20]} b2 {[%emt 0:30:29]} 42. a5 {[%emt 0:00:18]} Qb5 {[%emt 0:00:00]} 43. Rd2 {[%emt 0:00:00]} Ra7 {[%emt 0:00:00]} 44. Qb6 {[%emt 0:00:00]} Raxd7 {[%emt 0:00:00]} 45. Qxd8 {[%emt 0:00:00]} Rxd8 {[%emt 0:00:00]} 46. Rxd8 {[%emt 0:00:00]} Qb4 {[%emt 0:00:00]} 47. h3 {[%emt 0:00:00]} Qc3 {[%emt 0:00:00]} 48. Kh2 {[%emt 0:00:00]} Qc2 {[%emt 0:00:00]} 49. Rdd1 {[%emt 0:00:00]} h5 {[%emt 0:00:00]} 50. Kg3 {[%emt 0:00:00]} Qxf5 {[%emt 0:00:00]} 0-1

[Event "WJCC U20 Open 2019"]
[Site "New Delhi"]
[Date "2019.10.17"]
[Round "4.13"]
[White "Janik, Igor"]
[Black "Raja Rithvik R"]
[Result "0-1"]
[WhiteElo "2467"]
[BlackElo "2369"]
[Annotator "ChessBase"]
[PlyCount "80"]
[EventDate "2019.10.15"]
[EventType "swiss"]
[EventCountry "IND"]
[SourceTitle "playchess.com"]
[Source "ChessBase"]
[SourceQuality "1"]
[TimeControl "40/5400+30:1800+30"]

1. d4 {[%emt 0:00:00]} Nf6 {[%emt 0:00:00]} 2. c4 {[%emt 0:00:00]} e6 {[%emt 0:00:00]} 3. Nf3 {[%emt 0:00:00]} d5 {[%emt 0:00:38]} 4. Nc3 {[%emt 0:00:00]} Be7 {[%emt 0:01:00]} 5. g3 {[%emt 0:00:06]} O-O {[%emt 0:03:12]} 6. Bg2 {[%emt 0:00:11]} dxc4 {[%emt 0:02:43]} 7. Ne5 {[%emt 0:00:14]} Nc6 {[%emt 0:03:06]} 8. Bxc6 {[%emt 0:00:15]} bxc6 {[%emt 0:00:02]} 9. Nxc6 {[%emt 0:00:04]} Qe8 {[%emt 0:00:05]} 10. Nxe7+ {[%emt 0:00:09]} Qxe7 {[%emt 0:00:05]} 11. Qa4 {[%emt 0:00:17]} c5 {[%emt 0:00:06]} 12. dxc5 {[%emt 0:00:12]} Qxc5 {[%emt 0:00:05]} 13. Be3 {[%emt 0:00:10]} Qc7 {[%emt 0:00:27]} 14. O-O-O {[%emt 0:00:12]} Bb7 {[%emt 0:05:25]} 15. f3 {[%emt 0:00:06]} Nd5 {[%emt 0:02:18]} 16. Bd4 {[%emt 0:08:01]} Rfd8 {[%emt 0:13:31]} 17. Qa3 {[%emt 0:07:18]} a5 {[%emt 0:13:22]} 18. Nxd5 {[%emt 0:00:24]} exd5 {[%emt 0:03:24]} 19. Qc3 {[%emt 0:04:33]} f6 {[%emt 0:01:00]} 20. g4 {[%emt 0:01:22]} a4 {[%emt 0:02:39]} 21. a3 {[%emt 0:00:18]} Re8 {[%emt 0:01:02]} 22. e3 {[%emt 0:01:11]} Bc6 {[%emt 0:06:40]} 23. g5 {[%emt 0:03:27]} f5 {[%emt 0:03:07]} 24. h4 {[%emt 0:12:07]} f4 {[%emt 0:04:36]} 25. h5 {[%emt 0:08:35]} fxe3 {[%emt 0:01:51]} 26. Bxe3 {[%emt 0:01:05]} Rab8 {[%emt 0:02:32]} 27. Qd4 {[%emt 0:02:33]} Rb3 {[%emt 0:06:45]} 28. Bf4 {[%emt 0:05:49]} Qd7 {[%emt 0:04:39]} 29. h6 {[%emt 0:03:10]} Rxf3 {[%emt 0:03:36]} 30. Be5 {[%emt 0:03:08]} Qf5 {[%emt 0:02:34]} 31. Bxg7 {[%emt 0:01:18]} Re2 {[%emt 0:01:14]} 32. Rd2 {[%emt 0:00:42]} Rxd2 {[%emt 0:00:56]} 33. Qxd2 {[%emt 0:00:12]} Rf2 {[%emt 0:02:44]} 34. Qd1 {[%emt 0:01:52]} Be8 {[%emt 0:04:24]} 35. Bd4 {[%emt 0:01:46]} Bh5 {[%emt 0:01:07]} 36. Rxh5 {[%emt 0:02:49]} Rf1 {[%emt 0:00:16]} 37. Rh1 {[%emt 0:00:40]} Qf4+ {[%emt 0:00:49]} 38. Kc2 {[%emt 0:00:12]} Qe4+ {[%emt 0:01:23]} 39. Kc3 {[%emt 0:00:02]} Rxh1 {[%emt 0:01:11]} 40. Qxa4 {[%emt 0:00:10]} Qe1+ {[%emt 0:00:05]} 0-1

[Event "WJCC U20 Open 2019"]
[Site "New Delhi"]
[Date "2019.10.17"]
[Round "4.14"]
[White "Anuj Shrivatri"]
[Black "Costachi, Mihnea"]
[Result "0-1"]
[WhiteElo "2390"]
[BlackElo "2463"]
[Annotator "TA"]
[PlyCount "86"]
[EventDate "2019.10.15"]
[EventType "swiss"]
[EventCountry "IND"]
[SourceTitle "playchess.com"]
[Source "ChessBase"]
[SourceQuality "1"]

{[%evp 9,115,26,25,23,22,25,29,31,27,20,22,1,31,18,16,21,66,18,35,20,53,0,0,15,13,0,0,2,29,10,19,14,10,0,0,-8,-12,-13,-10,-10,-10,-10,-10,-9,0,-47,-32,-36,-35,-28,-28,-49,0,0,0,-18,-18,-85,-85,-85,-70,-83,-70,-77,-56,-106,-43,-105,-60,-86,-93,-95,-113,-90,-55,-104,-97,-88,-75,-64,-17,-34,-33,-51,-64,-70,-33,-38,-20,-133,-124,-120,-119,-135,-115,-113,-60,-278,-264,-414,-407,-852,-803,-827,-787,-29989,-29990,-29989]} 1. d4 d5 2. c4 c6 3. Nf3 Nf6 4. e3 Bg4 5. h3 Bh5 6. g4 {D11: Slav Defence: 3 Nf3 sidelines and 3...Nf6 4 e3 Bg4} Bg6 7. Ne5 e6 8. Nd2 {White has an edge.} Nbd7 {Black wants to play ...Nxe5.} 9. Nxg6 (9. h4 dxc4 10. Bxc4 Nxe5 11. dxe5 Ne4 12. h5 Nxd2 13. Bxd2 Bd3 {½-½ (49) Shankland,S (2731)-Robson,R (2667) Saint Louis 2019}) 9... hxg6 10. Bg2 Bb4 11. Qb3 Qb6 12. O-O Bxd2 13. Bxd2 Ne4 {[#]} 14. Be1 $146 Nef6 15. cxd5 Qxb3 16. axb3 Nxd5 17. Bd2 g5 18. Kh2 Nf8 19. f4 gxf4 20. exf4 Nd7 21. Bxd5 cxd5 22. f5 Nf6 23. fxe6 Nxg4+ 24. Kg2 Nf6 25. Rae1 fxe6 26. Rxe6+ Kf7 27. Rd6 Kg6 28. Bf4 Rad8 29. Rxd8 Rxd8 $15 {[%mdl 4096] Endgame KRB-KRN} 30. Rc1 Rd7 31. Kf3 Ne4 32. Ke3 Kf5 33. Be5 (33. Rf1 $11) 33... g5 $1 $17 34. Rc8 Rh7 35. Rf8+ Ke6 36. Rf3 Ke7 37. b4 {[#]} Rh6 ({Better is} 37... a6 $1 $17 38. Kd3 Kd7) 38. Ke2 (38. Bg7 $15 Rh7 39. Bf8+ Ke6 40. b5) 38... Rc6 {...Rc2+ is the strong threat.} 39. Kd1 Rb6 40. Rb3 {[#]} a6 $1 41. Kc2 Kf7 42. Kd1 Kg6 43. Bc7 Rc6 {Played: Rb6-b5} 0-1